000 00419nam a2200121Ia 4500
008 250110s9999 xx 000 0 und d
041 _aeng
100 _aAdhav Chaitrali
_9181634
245 _aOffsetting Carbon: Creating Carbon Positive Landscape Design For Public Park At Manas Lake Pune
260 _bBNCA-M Arch Landscape Architecture
_aPune
_c2023
300 _a59p
700 _aGuide Name:Kolhatkar Kshitija
_9210985
999 _c364646
_d364646